[Event "Tournoi International du Pays de Charleroi 2018"]
[Site "Roux, Belgium"]
[Date "2018.07.29"]
[Round "2.10"]
[White "Verheyen, Olivier"]
[Black "Klinova, Masha"]
[Result "1-0"]
[BlackTitle "WGM"]
[WhiteElo "2012"]
[BlackElo "2298"]

1. e4 {[%clk 01:30:56]} {[%emt 00:00:05]} d6 {[%clk 01:30:55]} {[%emt
00:00:03]} 2. d4 {[%clk 01:31:19]} {[%emt 00:00:07]} Nf6 {[%clk 01:31:21]}
{[%emt 00:00:04]} 3. Nc3 {[%clk 01:31:44]} {[%emt 00:00:06]} g6 {[%clk
01:31:48]} {[%emt 00:00:03]} 4. Bg5 {[%clk 01:31:43]} {[%emt 00:00:30]} Bg7
{[%clk 01:31:53]} {[%emt 00:00:25]} 5. Qd2 {[%clk 01:31:35]} {[%emt 00:00:38]}
c6 {[%clk 01:29:45]} {[%emt 00:02:39]} 6. Bh6 {[%clk 01:27:08]} {[%emt
00:04:56]} O-O {[%clk 01:28:39]} {[%emt 00:01:36]} 7. h4 {[%clk 01:25:42]}
{[%emt 00:01:55]} Bxh6 {[%clk 01:22:56]} {[%emt 00:06:13]} 8. Qxh6 {[%clk
01:26:09]} {[%emt 00:00:02]} Ng4 {[%clk 01:23:21]} {[%emt 00:00:06]} 9. Qd2
{[%clk 01:25:34]} {[%emt 00:01:05]} h5 {[%clk 01:23:12]} {[%emt 00:00:38]} 10.
f3 {[%clk 01:16:57]} {[%emt 00:09:08]} Nf6 {[%clk 01:22:20]} {[%emt 00:01:23]}
11. Be2 {[%clk 01:15:23]} {[%emt 00:02:03]} e5 {[%clk 01:18:13]} {[%emt
00:04:37]} 12. O-O-O {[%clk 01:04:25]} {[%emt 00:11:27]} Qe7 {[%clk 01:12:09]}
{[%emt 00:06:34]} 13. Kb1 {[%clk 00:58:31]} {[%emt 00:06:24]} Kg7 {[%clk
01:08:52]} {[%emt 00:03:46]} 14. Nh3 {[%clk 00:53:01]} {[%emt 00:06:01]} Bxh3
{[%clk 01:03:38]} {[%emt 00:05:45]} 15. Rxh3 {[%clk 00:52:20]} {[%emt
00:01:10]} Nbd7 {[%clk 01:03:45]} {[%emt 00:00:24]} 16. g4 {[%clk 00:46:50]}
{[%emt 00:05:59]} Rad8 {[%clk 00:58:27]} {[%emt 00:05:48]} 17. g5 {[%clk
00:45:44]} {[%emt 00:01:37]} Nh7 {[%clk 00:56:14]} {[%emt 00:02:42]} 18. Rg3
{[%clk 00:43:23]} {[%emt 00:02:51]} b5 {[%clk 00:50:40]} {[%emt 00:06:05]} 19.
Rf1 {[%clk 00:33:56]} {[%emt 00:09:57]} b4 {[%clk 00:43:43]} {[%emt 00:07:27]}
20. Nd1 {[%clk 00:34:07]} {[%emt 00:00:19]} c5 {[%clk 00:43:25]} {[%emt
00:00:48]} 21. f4 {[%clk 00:26:59]} {[%emt 00:07:38]} exd4 {[%clk 00:37:16]}
{[%emt 00:06:40]} 22. Nf2 {[%clk 00:25:31]} {[%emt 00:01:56]} Nb6 {[%clk
00:34:05]} {[%emt 00:03:42]} 23. Ka1 {[%clk 00:20:34]} {[%emt 00:05:28]} Kh8
{[%clk 00:29:43]} {[%emt 00:04:51]} 24. Qd1 {[%clk 00:18:58]} {[%emt 00:02:06]}
f5 {[%clk 00:25:48]} {[%emt 00:04:25]} 25. gxf6 {[%clk 00:14:00]} {[%emt
00:05:29]} Rxf6 {[%clk 00:24:19]} {[%emt 00:01:58]} 26. Nh3 {[%clk 00:11:04]}
{[%emt 00:03:25]} Rdf8 {[%clk 00:21:32]} {[%emt 00:03:17]} 27. Rfg1 {[%clk
00:10:29]} {[%emt 00:01:06]} Qe6 {[%clk 00:17:22]} {[%emt 00:04:40]} 28. f5
{[%clk 00:08:57]} {[%emt 00:02:02]} gxf5 {[%clk 00:16:36]} {[%emt 00:01:16]} 29.
exf5 {[%clk 00:07:25]} {[%emt 00:02:02]} Qe5 {[%clk 00:10:46]} {[%emt
00:06:20]} 30. Ng5 {[%clk 00:06:25]} {[%emt 00:01:29]} Qe7 {[%clk 00:08:06]}
{[%emt 00:03:11]} 31. Ne6 {[%clk 00:04:51]} {[%emt 00:02:05]} Rxe6 {[%clk
00:06:14]} {[%emt 00:02:21]} 32. fxe6 {[%clk 00:05:16]} {[%emt 00:00:05]} Nd5
{[%clk 00:06:20]} {[%emt 00:00:24]} 33. Bxh5 {[%clk 00:04:15]} {[%emt
00:01:31]} Qxe6 {[%clk 00:06:34]} {[%emt 00:00:15]} 34. Bg6 {[%clk 00:04:03]}
{[%emt 00:00:42]} Ndf6 {[%clk 00:06:34]} {[%emt 00:00:30]} 35. h5 {[%clk
00:03:33]} {[%emt 00:01:01]} Qe5 {[%clk 00:06:42]} {[%emt 00:00:22]} 36. Rf3
{[%clk 00:03:00]} {[%emt 00:01:03]} Rg8 {[%clk 00:05:19]} {[%emt 00:01:53]} 37.
Qd2 {[%clk 00:01:38]} {[%emt 00:01:51]} Qxh5 {[%clk 00:04:29]} {[%emt
00:01:20]} 38. Rxf6 {[%clk 00:01:09]} {[%emt 00:00:59]} Nxf6 {[%clk 00:04:16]}
{[%emt 00:00:44]} 39. Bxh5 {[%clk 00:01:28]} {[%emt 00:00:11]} Rxg1+ {[%clk
00:04:39]} {[%emt 00:00:06]} 40. Bd1 {[%clk 00:01:54]} {[%emt 00:00:04]} Ne4
{[%clk 00:05:02]} {[%emt 00:00:08]} 41. Qh2 {[%clk 00:02:13]} {[%emt 00:00:11]}
1-0

[Event "Tournoi International du Pays de Charleroi 2018"]
[Site "Roux, Belgium"]
[Date "2018.07.29"]
[Round "2.19"]
[White "Barbier, Sigiswald"]
[Black "Kulkarni, Rakesh"]
[Result "1/2-1/2"]
[BlackTitle "IM"]
[WhiteElo "2117"]
[BlackElo "2363"]

1. c4 {[%clk 01:30:57]} {[%emt 00:00:04]} e5 {[%clk 01:30:51]} {[%emt
00:00:09]} 2. g3 {[%clk 01:31:21]} {[%emt 00:00:04]} Nc6 {[%clk 01:31:09]}
{[%emt 00:00:11]} 3. Nc3 {[%clk 01:31:22]} {[%emt 00:00:31]} d6 {[%clk
01:31:23]} {[%emt 00:00:16]} 4. Bg2 {[%clk 01:31:37]} {[%emt 00:00:14]} Be6
{[%clk 01:31:24]} {[%emt 00:00:29]} 5. d3 {[%clk 01:31:40]} {[%emt 00:00:27]}
Qd7 {[%clk 01:31:46]} {[%emt 00:00:09]} 6. e4 {[%clk 01:28:36]} {[%emt
00:03:34]} g6 {[%clk 01:30:01]} {[%emt 00:02:15]} 7. Be3 {[%clk 01:27:57]}
{[%emt 00:01:08]} Bg7 {[%clk 01:30:21]} {[%emt 00:00:10]} 8. Qd2 {[%clk
01:27:45]} {[%emt 00:00:43]} Nge7 {[%clk 01:29:58]} {[%emt 00:00:54]} 9. Nd5
{[%clk 01:26:44]} {[%emt 00:01:30]} f5 {[%clk 01:26:26]} {[%emt 00:04:02]} 10.
Ne2 {[%clk 01:23:42]} {[%emt 00:03:32]} O-O {[%clk 01:24:58]} {[%emt 00:01:58]}
11. Bh6 {[%clk 01:06:34]} {[%emt 00:17:38]} Nd8 {[%clk 01:09:50]} {[%emt
00:15:37]} 12. Bxg7 {[%clk 01:03:08]} {[%emt 00:03:56]} Kxg7 {[%clk 00:59:48]}
{[%emt 00:10:32]} 13. O-O {[%clk 01:03:33]} {[%emt 00:00:06]} Ng8 {[%clk
00:57:04]} {[%emt 00:03:14]} 14. exf5 {[%clk 01:00:02]} {[%emt 00:04:01]} Bxf5
{[%clk 00:56:24]} {[%emt 00:01:10]} 15. d4 {[%clk 00:56:40]} {[%emt 00:03:52]}
Nc6 {[%clk 00:47:59]} {[%emt 00:08:54]} 16. b4 {[%clk 00:53:35]} {[%emt
00:03:35]} Rae8 {[%clk 00:43:46]} {[%emt 00:04:44]} 17. b5 {[%clk 00:49:04]}
{[%emt 00:05:01]} Nd8 {[%clk 00:40:20]} {[%emt 00:03:55]} 18. dxe5 {[%clk
00:44:48]} {[%emt 00:04:46]} Rxe5 {[%clk 00:40:42]} {[%emt 00:00:08]} 19. Nd4
{[%clk 00:44:41]} {[%emt 00:00:37]} Be4 {[%clk 00:37:07]} {[%emt 00:04:04]} 20.
Rfe1 {[%clk 00:39:32]} {[%emt 00:05:39]} Bxg2 {[%clk 00:36:29]} {[%emt
00:01:08]} 21. Kxg2 {[%clk 00:39:58]} {[%emt 00:00:04]} c6 {[%clk 00:29:30]}
{[%emt 00:07:29]} 22. Nc3 {[%clk 00:36:32]} {[%emt 00:03:57]} Qf7 {[%clk
00:27:05]} {[%emt 00:02:54]} 23. bxc6 {[%clk 00:25:24]} {[%emt 00:11:38]} bxc6
{[%clk 00:27:30]} {[%emt 00:00:06]} 24. Ne4 {[%clk 00:24:20]} {[%emt 00:01:34]}
Qxc4 {[%clk 00:16:49]} {[%emt 00:11:11]} 25. Nxd6 {[%clk 00:24:42]} {[%emt
00:00:08]} Qd5+ {[%clk 00:16:58]} {[%emt 00:00:20]} 26. Kg1 {[%clk 00:24:22]}
{[%emt 00:00:49]} c5 {[%clk 00:15:52]} {[%emt 00:01:37]} 27. Rxe5 {[%clk
00:23:05]} {[%emt 00:01:47]} Qxe5 {[%clk 00:15:55]} {[%emt 00:00:27]} 28. Nb3
{[%clk 00:23:11]} {[%emt 00:00:25]} Rf6 {[%emt 00:10:23]} 1/2-1/2

[Event "Tournoi International du Pays de Charleroi 2018"]
[Site "Roux, Belgium"]
[Date "2018.07.29"]
[Round "2.31"]
[White "Barbier, Wim"]
[Black "Gitu, Paula-Alexandra"]
[Result "0-1"]
[BlackTitle "WFM"]
[WhiteElo "2117"]
[BlackElo "1990"]

1. c4 {[%clk 01:30:57]} d6 {[%clk 01:30:57]} {[%emt 00:00:03]} 2. g3 {[%clk
01:31:23]} {[%emt 00:00:05]} e5 {[%clk 01:31:24]} {[%emt 00:00:03]} 3. Bg2
{[%clk 01:31:49]} {[%emt 00:00:03]} f5 {[%clk 01:31:49]} {[%emt 00:00:05]} 4.
d4 {[%clk 01:30:00]} {[%emt 00:02:19]} exd4 {[%clk 01:31:42]} {[%emt 00:00:37]}
5. Qxd4 {[%clk 01:30:25]} {[%emt 00:00:06]} Nc6 {[%clk 01:31:49]} {[%emt
00:00:23]} 6. Qe3+ {[%clk 01:29:24]} {[%emt 00:01:31]} Qe7 {[%clk 01:29:27]}
{[%emt 00:02:52]} 7. Nf3 {[%clk 01:26:09]} {[%emt 00:03:44]} g6 {[%clk
01:20:35]} {[%emt 00:09:22]} 8. O-O {[%clk 01:21:49]} {[%emt 00:04:50]} Bg7
{[%clk 01:13:54]} {[%emt 00:07:12]} 9. Qb3 {[%clk 01:18:09]} {[%emt 00:04:09]}
Nf6 {[%clk 01:06:33]} {[%emt 00:07:50]} 10. Nc3 {[%clk 01:16:30]} {[%emt
00:02:10]} h6 {[%clk 01:03:30]} {[%emt 00:03:34]} 11. Nh4 {[%clk 01:07:09]}
{[%emt 00:09:51]} Qf7 {[%clk 00:59:13]} {[%emt 00:04:47]} 12. e4 {[%clk
01:05:03]} {[%emt 00:02:36]} O-O {[%clk 00:51:14]} {[%emt 00:08:28]} 13. exf5
{[%clk 01:00:15]} {[%emt 00:05:17]} g5 {[%clk 00:49:23]} {[%emt 00:02:21]} 14.
Ng6 {[%clk 00:58:49]} {[%emt 00:01:56]} Re8 {[%clk 00:49:49]} {[%emt 00:00:05]}
15. g4 {[%clk 00:58:48]} {[%emt 00:00:30]} Nd4 {[%clk 00:38:04]} {[%emt
00:12:15]} 16. Qd1 {[%clk 00:47:31]} {[%emt 00:11:48]} Nxf5 {[%clk 00:28:20]}
{[%emt 00:10:13]} 17. gxf5 {[%clk 00:39:07]} {[%emt 00:08:54]} Bxf5 {[%clk
00:28:06]} {[%emt 00:00:44]} 18. Nd5 {[%clk 00:36:27]} {[%emt 00:03:11]} Bxg6
{[%clk 00:23:14]} {[%emt 00:05:22]} 19. f4 {[%clk 00:34:01]} {[%emt 00:02:55]}
g4 {[%clk 00:13:47]} {[%emt 00:09:58]} 20. Nxf6+ {[%clk 00:26:27]} {[%emt
00:08:04]} Qxf6 {[%clk 00:14:12]} {[%emt 00:00:05]} 21. Bxb7 {[%clk 00:24:21]}
{[%emt 00:02:36]} Qd4+ {[%clk 00:05:43]} {[%emt 00:09:00]} 22. Qxd4 {[%clk
00:24:21]} {[%emt 00:00:29]} Bxd4+ {[%clk 00:06:09]} {[%emt 00:00:04]} 23. Kh1
{[%clk 00:23:55]} {[%emt 00:00:56]} Be4 {[%clk 00:05:14]} {[%emt 00:01:25]} 24.
Bxe4 {[%clk 00:24:19]} {[%emt 00:00:05]} Rxe4 {[%clk 00:05:41]} {[%emt
00:00:04]} 25. Bd2 {[%clk 00:19:19]} {[%emt 00:05:30]} Bxb2 {[%clk 00:05:31]}
{[%emt 00:00:40]} 26. Rab1 {[%clk 00:19:40]} {[%emt 00:00:09]} Bd4 {[%clk
00:05:44]} {[%emt 00:00:17]} 27. Rfe1 {[%clk 00:19:19]} {[%emt 00:00:51]} Rae8
{[%clk 00:05:47]} {[%emt 00:00:27]} 28. Rxe4 {[%clk 00:15:33]} {[%emt
00:04:16]} Rxe4 {[%clk 00:06:14]} {[%emt 00:00:03]} 29. Rb8+ {[%clk 00:14:54]}
{[%emt 00:01:09]} Kf7 {[%clk 00:06:01]} {[%emt 00:00:43]} 30. Rc8 {[%clk
00:15:08]} {[%emt 00:00:16]} Re2 {[%clk 00:05:27]} {[%emt 00:01:04]} 31. Rxc7+
{[%clk 00:14:51]} {[%emt 00:00:47]} Kf6 {[%clk 00:05:04]} {[%emt 00:00:53]} 0-1

[Event "Tournoi International du Pays de Charleroi 2018"]
[Site "Roux, Belgium"]
[Date "2018.07.29"]
[Round "2.17"]
[White "Mitran, Marie"]
[Black "Goormachtigh, Johan"]
[Result "0-1"]
[WhiteElo "1768"]
[BlackElo "2148"]

1. d4 {[%clk 01:30:50]} {[%emt 00:00:10]} Nf6 {[%clk 01:30:46]} {[%emt
00:00:14]} 2. c4 {[%clk 01:31:01]} {[%emt 00:00:18]} c5 {[%clk 01:28:49]}
{[%emt 00:02:27]} 3. d5 {[%clk 01:28:44]} {[%emt 00:02:47]} b5 {[%clk
01:23:31]} {[%emt 00:05:49]} 4. cxb5 {[%clk 01:21:19]} {[%emt 00:07:55]} a6
{[%clk 01:23:55]} {[%emt 00:00:05]} 5. b6 {[%clk 01:17:13]} {[%emt 00:04:37]}
d6 {[%clk 01:23:51]} {[%emt 00:00:34]} 6. Nc3 {[%clk 01:16:15]} {[%emt
00:01:29]} Qxb6 {[%clk 01:21:09]} {[%emt 00:03:11]} 7. e4 {[%clk 01:14:41]}
{[%emt 00:02:04]} g6 {[%clk 01:21:30]} {[%emt 00:00:09]} 8. Bc4 {[%clk
01:09:09]} {[%emt 00:06:01]} Bg7 {[%clk 01:19:55]} {[%emt 00:02:05]} 9. Qb3
{[%clk 01:00:26]} {[%emt 00:09:14]} Nbd7 {[%clk 01:16:31]} {[%emt 00:03:54]} 10.
Qxb6 {[%clk 00:49:35]} {[%emt 00:11:22]} Nxb6 {[%clk 01:16:52]} {[%emt
00:00:08]} 11. Bd3 {[%clk 00:49:44]} {[%emt 00:00:20]} O-O {[%clk 01:15:05]}
{[%emt 00:02:18]} 12. f4 {[%clk 00:47:02]} {[%emt 00:03:11]} e6 {[%clk
01:05:52]} {[%emt 00:09:44]} 13. dxe6 {[%clk 00:44:12]} {[%emt 00:03:20]} Bxe6
{[%clk 01:05:44]} {[%emt 00:00:38]} 14. Nf3 {[%clk 00:42:01]} {[%emt 00:02:41]}
Bc4 {[%clk 01:03:22]} {[%emt 00:02:51]} 15. Bxc4 {[%clk 00:41:20]} {[%emt
00:01:12]} Nxc4 {[%clk 01:03:50]} {[%emt 00:00:02]} 16. O-O {[%clk 00:41:21]}
{[%emt 00:00:28]} Rab8 {[%clk 00:59:30]} {[%emt 00:04:51]} 17. Rb1 {[%clk
00:37:46]} {[%emt 00:04:05]} Ng4 {[%clk 00:47:45]} {[%emt 00:12:15]} 18. Na4
{[%clk 00:28:17]} {[%emt 00:10:00]} Rfe8 {[%clk 00:47:14]} {[%emt 00:01:01]} 19.
Re1 {[%clk 00:27:07]} {[%emt 00:01:38]} Na3 {[%clk 00:47:04]} {[%emt 00:00:41]}
20. Ra1 {[%clk 00:21:58]} {[%emt 00:05:40]} Nc2 {[%clk 00:47:24]} {[%emt
00:00:09]} 21. Bd2 {[%clk 00:21:52]} {[%emt 00:00:37]} Nxa1 {[%clk 00:47:40]}
{[%emt 00:00:14]} 22. Rxa1 {[%clk 00:21:41]} {[%emt 00:00:41]} Rxe4 {[%clk
00:47:59]} {[%emt 00:00:10]} 0-1

[Event "Tournoi International du Pays de Charleroi 2018"]
[Site "Roux, Belgium"]
[Date "2018.07.29"]
[Round "2.22"]
[White "Guion, Geoffrey"]
[Black "Hamblok, Roel"]
[Result "1/2-1/2"]
[BlackTitle "FM"]
[WhiteElo "1988"]
[BlackElo "2286"]

1. e4 {[%clk 01:30:56]} c6 {[%clk 01:30:53]} {[%emt 00:00:08]} 2. d4 {[%clk
01:31:21]} {[%emt 00:00:05]} d5 {[%clk 01:31:20]} {[%emt 00:00:04]} 3. e5
{[%clk 01:31:45]} {[%emt 00:00:05]} c5 {[%clk 01:31:46]} {[%emt 00:00:05]} 4.
dxc5 {[%clk 01:29:28]} {[%emt 00:02:46]} e6 {[%clk 01:31:23]} {[%emt 00:00:54]}
5. Nf3 {[%clk 01:25:17]} {[%emt 00:04:39]} Bxc5 {[%clk 01:30:07]} {[%emt
00:01:48]} 6. Bd3 {[%clk 01:25:21]} {[%emt 00:00:25]} Nc6 {[%clk 01:29:00]}
{[%emt 00:01:37]} 7. O-O {[%clk 01:23:01]} {[%emt 00:02:48]} Nge7 {[%clk
01:28:47]} {[%emt 00:00:45]} 8. a3 {[%clk 01:22:50]} {[%emt 00:00:42]} Ng6
{[%clk 01:26:46]} {[%emt 00:02:30]} 9. b4 {[%clk 01:21:46]} {[%emt 00:01:35]}
Bb6 {[%clk 01:27:00]} {[%emt 00:00:16]} 10. Bb2 {[%clk 01:20:42]} {[%emt
00:01:33]} Bd7 {[%clk 01:24:48]} {[%emt 00:02:43]} 11. Re1 {[%clk 01:18:19]}
{[%emt 00:02:52]} Qb8 {[%clk 01:21:11]} {[%emt 00:04:08]} 12. b5 {[%clk
01:16:01]} {[%emt 00:02:48]} Na5 {[%clk 01:19:39]} {[%emt 00:02:02]} 13. Nbd2
{[%clk 01:13:55]} {[%emt 00:02:35]} O-O {[%clk 01:18:31]} {[%emt 00:01:39]} 14.
Rc1 {[%clk 01:12:55]} {[%emt 00:01:30]} Qe8 {[%clk 01:09:47]} {[%emt 00:09:14]}
15. a4 {[%clk 01:12:09]} {[%emt 00:01:16]} Qe7 {[%clk 01:09:29]} {[%emt
00:00:47]} 16. c4 {[%clk 01:10:59]} {[%emt 00:01:40]} Rfc8 {[%clk 00:55:45]}
{[%emt 00:14:15]} 17. g3 {[%clk 01:04:38]} {[%emt 00:06:50]} Qb4 {[%clk
00:51:41]} {[%emt 00:04:35]} 18. Bc3 {[%clk 00:59:26]} {[%emt 00:05:41]} Qa3
{[%clk 00:51:45]} {[%emt 00:00:26]} 19. Qe2 {[%clk 00:42:21]} {[%emt 00:17:35]}
Nxc4 {[%clk 00:44:54]} {[%emt 00:07:21]} 20. Nxc4 {[%clk 00:32:39]} {[%emt
00:10:11]} dxc4 {[%clk 00:44:48]} {[%emt 00:00:38]} 21. Be4 {[%clk 00:31:17]}
{[%emt 00:01:51]} Rc7 {[%clk 00:42:13]} {[%emt 00:03:05]} 22. Qd2 {[%clk
00:26:30]} {[%emt 00:05:17]} Qe7 {[%clk 00:32:23]} {[%emt 00:10:20]} 23. Bb4
{[%clk 00:17:15]} {[%emt 00:09:45]} Bc5 {[%clk 00:32:06]} {[%emt 00:00:47]} 24.
Rxc4 {[%clk 00:12:17]} {[%emt 00:05:27]} Bxb4 {[%clk 00:29:49]} {[%emt
00:02:49]} 25. Rxb4 {[%clk 00:11:19]} {[%emt 00:01:27]} Rac8 {[%clk 00:28:17]}
{[%emt 00:02:02]} 26. Rd4 {[%clk 00:11:17]} {[%emt 00:00:31]} Be8 {[%clk
00:27:25]} {[%emt 00:01:23]} 27. Rd1 {[%clk 00:10:32]} {[%emt 00:01:14]} Kf8
{[%clk 00:21:41]} {[%emt 00:06:14]} 28. h4 {[%clk 00:10:12]} {[%emt 00:00:51]}
Qc5 {[%clk 00:21:37]} {[%emt 00:00:34]} 29. Bxg6 {[%clk 00:08:12]} {[%emt
00:02:29]} hxg6 {[%clk 00:21:05]} {[%emt 00:01:03]} 30. Qf4 {[%clk 00:06:47]}
{[%emt 00:01:54]} Qc2 {[%clk 00:16:25]} {[%emt 00:05:10]} 31. Ng5 {[%clk
00:05:51]} {[%emt 00:01:26]} Qf5 {[%clk 00:13:31]} {[%emt 00:03:25]} 32. Qe3
{[%clk 00:05:03]} {[%emt 00:01:18]} Rc3 {[%clk 00:13:41]} {[%emt 00:00:20]} 33.
R1d3 {[%clk 00:03:57]} {[%emt 00:01:36]} Rxd3 {[%clk 00:12:55]} {[%emt
00:01:16]} 34. Rxd3 {[%clk 00:04:05]} {[%emt 00:00:22]} 1/2-1/2

[Event "Tournoi International du Pays de Charleroi 2018"]
[Site "Roux, Belgium"]
[Date "2018.07.29"]
[Round "2.21"]
[White "Mulder, Bart-Piet"]
[Black "Kasparova, Tatiana"]
[Result "1-0"]
[BlackTitle "WFM"]
[WhiteElo "2176"]
[BlackElo "2090"]

1. Nf3 {[%clk 01:30:43]} {[%emt 00:00:14]} Nf6 {[%clk 01:30:50]} {[%emt
00:00:11]} 2. g3 {[%clk 01:30:59]} {[%emt 00:00:14]} b6 {[%clk 01:31:11]}
{[%emt 00:00:10]} 3. Bg2 {[%clk 01:31:22]} {[%emt 00:00:05]} Bb7 {[%clk
01:31:40]} {[%emt 00:00:02]} 4. O-O {[%clk 01:30:11]} {[%emt 00:01:41]} e6
{[%clk 01:31:55]} {[%emt 00:00:15]} 5. c4 {[%clk 01:28:58]} {[%emt 00:01:43]}
c5 {[%clk 01:32:12]} {[%emt 00:00:14]} 6. d4 {[%clk 01:28:04]} {[%emt
00:01:24]} cxd4 {[%clk 01:32:28]} {[%emt 00:00:14]} 7. Qxd4 {[%clk 01:28:30]}
{[%emt 00:00:04]} Be7 {[%clk 01:30:17]} {[%emt 00:02:40]} 8. Nc3 {[%clk
01:26:55]} {[%emt 00:02:05]} a6 {[%clk 01:30:22]} {[%emt 00:00:26]} 9. Bg5
{[%clk 01:24:21]} {[%emt 00:03:03]} d6 {[%clk 01:28:01]} {[%emt 00:02:52]} 10.
Bxf6 {[%clk 01:23:53]} {[%emt 00:00:57]} Bxf6 {[%clk 01:28:18]} {[%emt
00:00:14]} 11. Qd3 {[%clk 01:24:01]} {[%emt 00:00:21]} O-O {[%clk 01:18:29]}
{[%emt 00:10:20]} 12. Rfd1 {[%clk 01:16:11]} {[%emt 00:08:20]} Be7 {[%clk
01:18:11]} {[%emt 00:00:48]} 13. Ne4 {[%clk 01:08:30]} {[%emt 00:08:10]} Bxe4
{[%clk 01:16:43]} {[%emt 00:01:58]} 14. Qxe4 {[%clk 01:07:26]} {[%emt
00:01:35]} Ra7 {[%clk 01:17:04]} {[%emt 00:00:09]} 15. Nd4 {[%clk 01:06:49]}
{[%emt 00:01:06]} Rc7 {[%clk 01:16:44]} {[%emt 00:00:50]} 16. b3 {[%clk
01:03:26]} {[%emt 00:03:54]} Qc8 {[%clk 01:16:06]} {[%emt 00:01:07]} 17. Qe3
{[%clk 00:44:21]} {[%emt 00:19:35]} Re8 {[%clk 01:07:52]} {[%emt 00:08:45]} 18.
Rac1 {[%clk 00:41:53]} {[%emt 00:02:57]} Nd7 {[%clk 01:06:21]} {[%emt
00:02:01]} 19. Nf3 {[%clk 00:41:54]} {[%emt 00:00:29]} Qb8 {[%clk 01:01:12]}
{[%emt 00:05:39]} 20. Qd3 {[%clk 00:35:26]} {[%emt 00:06:59]} Rec8 {[%clk
00:59:03]} {[%emt 00:02:38]} 21. Qd2 {[%clk 00:33:40]} {[%emt 00:02:16]} h6
{[%clk 00:59:05]} {[%emt 00:00:29]} 22. Nd4 {[%clk 00:32:32]} {[%emt 00:01:37]}
Nf6 {[%clk 00:52:09]} {[%emt 00:07:26]} 23. a4 {[%clk 00:30:40]} {[%emt
00:02:23]} Rc5 {[%clk 00:50:05]} {[%emt 00:02:34]} 24. b4 {[%clk 00:24:23]}
{[%emt 00:06:46]} Rxc4 {[%clk 00:45:37]} {[%emt 00:04:58]} 25. Nc6 {[%clk
00:24:04]} {[%emt 00:00:50]} R4xc6 {[%clk 00:45:25]} {[%emt 00:00:41]} 26. Rxc6
{[%clk 00:16:49]} {[%emt 00:07:46]} Rxc6 {[%clk 00:43:50]} {[%emt 00:02:05]} 27.
Bxc6 {[%clk 00:17:13]} {[%emt 00:00:05]} d5 {[%clk 00:44:15]} {[%emt 00:00:06]}
28. Qd3 {[%clk 00:16:02]} {[%emt 00:01:40]} Qc7 {[%clk 00:36:05]} {[%emt
00:08:41]} 29. Rc1 {[%clk 00:12:53]} {[%emt 00:03:38]} Bxb4 {[%clk 00:35:32]}
{[%emt 00:01:03]} 30. Qxa6 {[%clk 00:09:46]} {[%emt 00:03:38]} Ne4 {[%clk
00:33:29]} {[%emt 00:02:33]} 31. Qa8+ {[%clk 00:06:35]} {[%emt 00:03:40]} Kh7
{[%clk 00:33:41]} {[%emt 00:00:17]} 32. Qb7 {[%clk 00:06:13]} {[%emt 00:00:53]}
Qxb7 {[%clk 00:33:12]} {[%emt 00:00:59]} 33. Bxb7 {[%clk 00:06:37]} {[%emt
00:00:06]} Nc3 {[%clk 00:33:05]} {[%emt 00:00:37]} 34. Kf1 {[%clk 00:02:12]}
{[%emt 00:04:53]} Nxa4 {[%clk 00:32:21]} {[%emt 00:01:15]} 35. Rc7 {[%clk
00:02:36]} {[%emt 00:00:05]} f6 {[%clk 00:23:16]} {[%emt 00:09:37]} 36. Bc8
{[%clk 00:02:30]} {[%emt 00:00:35]} Nc5 {[%clk 00:16:48]} {[%emt 00:06:58]} 37.
Rc6 {[%clk 00:02:52]} {[%emt 00:00:08]} Ba5 {[%clk 00:16:23]} {[%emt 00:00:55]}
38. Bxe6 {[%clk 00:02:51]} {[%emt 00:00:31]} Nxe6 {[%clk 00:16:37]} {[%emt
00:00:16]} 39. Rxe6 {[%clk 00:03:16]} {[%emt 00:00:05]} Kg6 {[%clk 00:13:22]}
{[%emt 00:03:46]} 40. Rd6 {[%clk 00:03:26]} {[%emt 00:00:19]} Kf7 {[%clk
00:13:34]} {[%emt 00:00:18]} 41. Rxd5 {[%clk 00:03:42]} {[%emt 00:00:14]} Bb4
{[%clk 00:14:01]} {[%emt 00:00:04]} 42. e4 {[%clk 00:03:43]} {[%emt 00:00:28]}
Bc5 {[%clk 00:14:20]} {[%emt 00:00:11]} 43. Ke2 {[%clk 00:03:21]} {[%emt
00:00:50]} Ke6 {[%clk 00:13:31]} {[%emt 00:01:21]} 44. f4 {[%clk 00:03:39]}
{[%emt 00:00:12]} g6 {[%clk 00:13:20]} {[%emt 00:00:42]} 45. g4 {[%clk
00:02:41]} {[%emt 00:01:26]} Ke7 {[%clk 00:13:31]} {[%emt 00:00:20]} 46. h4
{[%clk 00:02:00]} {[%emt 00:01:11]} Bd6 {[%clk 00:13:46]} {[%emt 00:00:16]} 47.
Kf3 {[%clk 00:30:29]} {[%emt 00:02:00]} Ke6 {[%clk 00:43:48]} {[%emt 00:00:29]}
48. g5 {[%clk 00:15:07]} {[%emt 00:15:51]} hxg5 {[%clk 00:44:10]} {[%emt
00:00:08]} 49. fxg5 {[%clk 00:13:43]} {[%emt 00:01:54]} f5 {[%clk 00:44:25]}
{[%emt 00:00:15]} 50. Rb5 {[%clk 00:13:20]} {[%emt 00:00:53]} fxe4+ {[%clk
00:43:34]} {[%emt 00:01:21]} 51. Kxe4 {[%clk 00:13:38]} {[%emt 00:00:12]} Bc5
{[%clk 00:44:02]} {[%emt 00:00:02]} 52. Rb1 {[%clk 00:13:15]} {[%emt 00:00:53]}
Bf2 {[%clk 00:43:33]} {[%emt 00:00:59]} 53. Rf1 {[%clk 00:12:56]} {[%emt
00:00:48]} Bxh4 {[%clk 00:42:10]} {[%emt 00:01:54]} 54. Rf6+ {[%clk 00:13:19]}
{[%emt 00:00:07]} Ke7 {[%clk 00:42:36]} {[%emt 00:00:05]} 55. Rxg6 {[%clk
00:13:43]} {[%emt 00:00:05]} Bf2 {[%clk 00:43:01]} {[%emt 00:00:05]} 56. Kd5
{[%clk 00:11:17]} {[%emt 00:02:54]} Bc5 {[%clk 00:43:07]} {[%emt 00:00:26]} 57.
Rg7+ {[%clk 00:09:44]} {[%emt 00:02:02]} Kf8 {[%clk 00:43:32]} {[%emt
00:00:06]} 58. Rb7 {[%clk 00:10:03]} {[%emt 00:00:11]} Kg8 {[%clk 00:43:06]}
{[%emt 00:00:56]} 59. Ke6 {[%clk 00:10:08]} {[%emt 00:00:25]} Bd4 {[%clk
00:43:17]} {[%emt 00:00:19]} 60. Kf5 {[%clk 00:10:15]} {[%emt 00:00:21]} Bc5
{[%clk 00:42:09]} {[%emt 00:01:40]} 61. Kg6 {[%clk 00:10:31]} {[%emt 00:00:13]}
1-0